[Event "Collado Villaoba op-B 34th"]
[Site "Collado Villalba"]
[Date "2017.08.25"]
[Round "4.11"]
[White "Santos Garay-Cordovil, Salvador"]
[Black "Garcia Prada, Alejandro"]
[Result "0-1"]
[WhiteElo "1825"]
[BlackElo "1505"]
[PlyCount "91"]
[EventDate "2017.08.22"]
[EventType "swiss"]
[EventRounds "9"]
[EventCountry "ESP"]

1. d4 d5 2. c4 e6 3. Nc3 Nf6 4. Bg5 Nbd7 5. Nf3 Be7 6. e3 O-O 7. Bd3 b6 8. cxd5
exd5 9. O-O h6 10. Bh4 Bb7 11. Rc1 Ne4 12. Bxe7 Qxe7 13. Re1 Ndf6 14. Ne5 Rac8
15. f3 Nxc3 16. Rxc3 c5 17. Bb1 Nd7 18. Qd3 g6 19. f4 Nxe5 20. fxe5 c4 21. Qe2
Rfd8 22. Rf1 Qg5 23. Rf3 Rc6 24. Qf2 Rf8 25. Rg3 Qh5 26. Rc1 Bc8 27. Bc2 c3 28.
b4 Ba6 29. Bd1 Qh4 30. Rxg6+ fxg6 31. Bf3 Qxf2+ 32. Kxf2 g5 33. Kg3 Rd8 34. e4
dxe4 35. Bxe4 Rc7 36. d5 Re7 37. e6 Bc4 38. Rxc3 Bxd5 39. Rd3 Bxe4 40. Rxd8+
Kg7 41. Rd7 Kf6 42. Rd4 Rxe6 43. Kg4 Bf5+ 44. Kh5 Re4 45. Rd6+ Kg7 46. Rd7+ 0-1

[Event "Collado Villaoba op-B 34th"]
[Site "Collado Villalba"]
[Date "2017.08.25"]
[Round "4.12"]
[White "Alameda Arellano, Cristeto"]
[Black "Gamboa Ondono, Jesus"]
[Result "1/2-1/2"]
[WhiteElo "1577"]
[BlackElo "1772"]
[PlyCount "99"]
[EventDate "2017.08.22"]
[EventType "swiss"]
[EventRounds "9"]
[EventCountry "ESP"]

1. d4 d5 2. Bf4 e6 3. e3 c5 4. c3 Nc6 5. Nf3 Bd6 6. Bg3 c4 7. Ne5 h5 8. h3 Nf6
9. Nd2 Qc7 10. f4 b6 11. Qc2 Bb7 12. Be2 Ne7 13. Bf3 h4 14. Bf2 Nh5 15. Qd1 Nf6
16. Qe2 Nd7 17. e4 Bxe5 18. fxe5 O-O-O 19. O-O Rde8 20. b3 b5 21. bxc4 bxc4 22.
exd5 Bxd5 23. Ne4 Nf5 24. Bg4 Qc6 25. Bxf5 exf5 26. Nd6+ Qxd6 27. Be3 Qc6 28.
Rxf5 Be6 29. Rf2 Nb6 30. Bc1 Nd5 31. Qc2 Qa6 32. a4 Qa5 33. Rf3 Re7 34. Ba3 Rb7
35. Bd6 Rb3 36. Qd2 Qb6 37. Qe2 Rb2 38. Qd1 Qb7 39. Qf1 Nb6 40. a5 Na4 41. Bb4
Bd5 42. Rxa4 Bxf3 43. gxf3 Rh6 44. Qxc4+ Kd8 45. d5 Rg6+ 46. Kf1 Qd7 47. Qxh4+
Kc8 48. Qc4+ Kd8 49. Qh4+ Kc8 50. Qc4+ 1/2-1/2

[Event "Collado Villaoba op-B 34th"]
[Site "Collado Villalba"]
[Date "2017.08.25"]
[Round "4.14"]
[White "Menguez Rodriguez, Felipe"]
[Black "Carrasco Coquillat, Alvaro"]
[Result "1-0"]
[WhiteElo "1736"]
[BlackElo "1639"]
[PlyCount "53"]
[EventDate "2017.08.22"]
[EventType "swiss"]
[EventRounds "9"]
[EventCountry "ESP"]

1. e4 g6 2. d4 Bg7 3. Nf3 d6 4. Nc3 Nf6 5. h3 Nbd7 6. e5 dxe5 7. dxe5 Ng8 8.
Bf4 e6 9. Qd2 Ne7 10. O-O-O a6 11. Be2 b5 12. Ng5 h6 13. Nge4 Bb7 14. Bf3 Nd5
15. Nxd5 Bxd5 16. Rhe1 Rb8 17. Nf6+ Nxf6 18. exf6 Qxf6 19. Be5 Qxe5 20. Rxe5
Bxe5 21. Bxd5 exd5 22. Re1 f6 23. f4 Rf8 24. fxe5 fxe5 25. Rxe5+ Kf7 26. Qxd5+
Kg7 27. Re7+ 1-0

[Event "Collado Villaoba op-B 34th"]
[Site "Collado Villalba"]
[Date "2017.08.25"]
[Round "4.15"]
[White "Martin-Consuegra Barrilero, Francisco Javier"]
[Black "Cebrian Alfaya, Jorge"]
[Result "1-0"]
[WhiteElo "1833"]
[BlackElo "1527"]
[PlyCount "86"]
[EventDate "2017.08.22"]
[EventType "swiss"]
[EventRounds "9"]
[EventCountry "ESP"]

1. Nf3 d5 2. d4 Nf6 3. Bf4 Bf5 4. e3 e6 5. a3 Bd6 6. Bg3 c5 7. Bxd6 Qxd6 8. c4
Nbd7 9. Nc3 a6 10. dxc5 Nxc5 11. cxd5 exd5 12. Be2 O-O 13. O-O Rad8 14. Nd4 Bg6
15. Rc1 Rfe8 16. b4 Ncd7 17. Qb3 Ne5 18. Rfd1 Neg4 19. Bxg4 Nxg4 20. Nf3 Nf6
21. Ne2 Bh5 22. Ng3 Bg4 23. Rd4 Ne4 24. Rcd1 Nf6 25. h3 Bxf3 26. gxf3 Qe6 27.
Kg2 Qe5 28. Qd3 g6 29. f4 Qe7 30. Qd2 h6 31. e4 b5 32. e5 Nh7 33. Rxd5 Qb7 34.
f3 Rxd5 35. Qxd5 Qxd5 36. Rxd5 Rc8 37. Rc5 Rxc5 38. bxc5 Nf8 39. f5 gxf5 40.
Nxf5 a5 41. Nd4 b4 42. axb4 axb4 43. c6 Ne6 1-0

[Event "Collado Villaoba op-B 34th"]
[Site "Collado Villalba"]
[Date "2017.08.25"]
[Round "4.16"]
[White "Fernandez Rios, Jose Francisco"]
[Black "Picazo Sancho, Carolina"]
[Result "1-0"]
[WhiteElo "1771"]
[BlackElo "1486"]
[PlyCount "91"]
[EventDate "2017.08.22"]
[EventType "swiss"]
[EventRounds "9"]
[EventCountry "ESP"]

1. d4 g6 2. c4 Nf6 3. Nc3 Bg7 4. e4 d6 5. Be2 O-O 6. Nf3 Nbd7 7. Be3 e5 8. d5
a5 9. Nd2 Nc5 10. O-O Ne8 11. a3 f5 12. f3 Bd7 13. b4 Na6 14. Qb3 Nf6 15. c5
Kh8 16. Nc4 fxe4 17. fxe4 a4 18. Qc2 Ng4 19. Bxg4 Bxg4 20. cxd6 cxd6 21. Nb6
Rb8 22. Ncxa4 g5 23. Rac1 h6 24. Rxf8+ Bxf8 25. Qf2 Qe7 26. h3 Bd7 27. Nxd7
Qxd7 28. Nb6 Qg7 29. Qf5 Rd8 30. Rf1 Nb8 31. Qe6 Qe7 32. Qxe7 Bxe7 33. Rc1 Na6
34. Rc8 Rxc8 35. Nxc8 Bf8 36. b5 Nc7 37. a4 Kh7 38. Bb6 Na8 39. Bd8 Kg7 40. Nb6
Be7 41. Bxe7 Nxb6 42. a5 Nc4 43. a6 bxa6 44. bxa6 Nb6 45. Bxd6 Kg6 46. Kf2 1-0

[Event "Collado Villaoba op-B 34th"]
[Site "Collado Villalba"]
[Date "2017.08.25"]
[Round "4.17"]
[White "Rojas Fernandez, Antonio"]
[Black "Carrasco Coquillat, Jorge"]
[Result "0-1"]
[WhiteElo "1316"]
[BlackElo "1654"]
[PlyCount "68"]
[EventDate "2017.08.22"]
[EventType "swiss"]
[EventRounds "9"]
[EventCountry "ESP"]

1. e4 c5 2. Nf3 d6 3. Nc3 g6 4. Bc4 Bg7 5. O-O Nf6 6. Re1 O-O 7. h3 Nc6 8. d3
e6 9. Be3 Re8 10. Qd2 d5 11. Bh6 dxc4 12. Bxg7 Kxg7 13. Rad1 cxd3 14. cxd3 e5
15. Qe3 Nd4 16. Qd2 Nxf3+ 17. gxf3 Bxh3 18. Qg5 Nh5 19. Qxd8 Raxd8 20. Kh2 Be6
21. Rg1 Nf4 22. Rg3 Rxd3 23. Rxd3 Nxd3 24. f4 Nxf4 25. Nb5 a6 26. Nc7 Re7 27.
Nxe6+ Rxe6 28. Rb3 b5 29. Rc3 c4 30. a4 Rd6 31. axb5 axb5 32. b3 Rd4 33. f3
Rd2+ 34. Kg3 Ne2+ 0-1

[Event "Collado Villaoba op-B 34th"]
[Site "Collado Villalba"]
[Date "2017.08.25"]
[Round "4.18"]
[White "Fernandez Martinez, Luis"]
[Black "Guerra Pantojo, Daniel"]
[Result "1/2-1/2"]
[WhiteElo "1634"]
[BlackElo "1390"]
[PlyCount "69"]
[EventDate "2017.08.22"]
[EventType "swiss"]
[EventRounds "9"]
[EventCountry "ESP"]

1. e4 c5 2. Nf3 g6 3. c3 Nc6 4. Be2 d6 5. O-O Nf6 6. d3 Bg7 7. Re1 O-O 8. Na3
a6 9. Nc2 b5 10. a3 Rb8 11. Bf1 Nd7 12. d4 cxd4 13. cxd4 f5 14. Ng5 Nb6 15. d5
Ne5 16. Nd4 Rf6 17. Nge6 Bxe6 18. Nxe6 Qd7 19. Bg5 Rxe6 20. dxe6 Qxe6 21. exf5
Qxf5 22. Bxe7 Nec4 23. Bxc4+ Nxc4 24. Bxd6 Rd8 25. Qe2 Nxd6 26. Rad1 Re8 27.
Qd2 Rxe1+ 28. Rxe1 Nc4 29. Qd8+ Bf8 30. a4 bxa4 31. Qb8 Qc2 32. Qc8 Kg7 33.
Qc7+ Kg8 34. Qc8 Kg7 35. Qc7+ 1/2-1/2

[Event "Collado Villaoba op-B 34th"]
[Site "Collado Villalba"]
[Date "2017.08.25"]
[Round "4.19"]
[White "Olmedo Aznar, Eduardo"]
[Black "Vazquez Rodriguez, Francisco"]
[Result "1-0"]
[WhiteElo "1519"]
[BlackElo "1579"]
[PlyCount "243"]
[EventDate "2017.08.22"]
[EventType "swiss"]
[EventRounds "9"]
[EventCountry "ESP"]

1. e4 c5 2. d3 d6 3. Nd2 Nc6 4. g3 Nf6 5. Bg2 g6 6. Ngf3 Bg7 7. O-O O-O 8. Re1
Bg4 9. h3 Be6 10. Nf1 Qc8 11. Kh2 Qc7 12. c3 Rad8 13. Qe2 Rfe8 14. d4 cxd4 15.
cxd4 Nb4 16. Bf4 Nh5 17. Rac1 Qb8 18. a3 Nxf4 19. gxf4 Na6 20. Ng3 Bh6 21. Ng5
Bd7 22. Qc4 Bxg5 23. fxg5 Rc8 24. Qd3 Nc7 25. h4 Bb5 26. Qe3 Ne6 27. Bf1 Bxf1
28. Rxf1 Nc7 29. Kg2 Ne6 30. Ne2 a6 31. Rc3 Nc7 32. Rfc1 Ne6 33. Nf4 Nxf4+ 34.
Qxf4 Rxc3 35. Rxc3 Rc8 36. Rf3 Rf8 37. Rc3 Qa7 38. Qe3 Qb8 39. Qf4 b5 40. Qc1
Qb7 41. f3 Re8 42. Rc7 Qa8 43. Qc6 Kf8 44. Qxa8 Rxa8 45. Kg3 Rb8 46. Rc6 a5 47.
b4 axb4 48. axb4 Rb7 49. Kg4 Kg7 50. Kf4 Kf8 51. Kg4 Kg7 52. Kf4 h6 53. Ke3 h5
54. Kf4 Kf8 55. Ke3 Kg8 56. Rc8+ Kg7 57. Rc6 Kh7 58. Kf2 Kh8 59. Ke3 Kg8 60.
Kf2 Kh7 61. Ke3 Kg8 62. Kf2 Kh8 63. Ke3 Kg8 64. Kf2 Rb8 65. Ke3 Kf8 66. Kd3 Ke8
67. d5 Kd7 68. Ke3 Rb7 69. Kf4 Rb8 70. Ke3 Rb7 71. Kf4 e6 72. Ke3 exd5 73. exd5
Rb8 74. Rc3 Rb6 75. Ke4 Ra6 76. Rb3 Ra8 77. Kf4 Re8 78. Re3 Rc8 79. Re4 Rc1 80.
Rd4 Kc7 81. Ke3 Rh1 82. Kf2 Kd7 83. Kg2 Rb1 84. Kf2 Rb3 85. Ke2 Rc3 86. Kf2 Kc7
87. Rf4 Rc2+ 88. Kg3 Rd2 89. Rxf7+ Kd8 90. Rf6 Ke7 91. Rxg6 Rxd5 92. Rh6 Re5
93. Rxh5 d5 94. Rh7+ Kf8 95. Rd7 Ke8 96. Kf4 Re6 97. Rxd5 Rb6 98. Kg4 Kf7 99.
Rf5+ Kg6 100. Rf6+ Rxf6 101. gxf6 Kxf6 102. h5 Kg7 103. Kg5 Kh7 104. Kf6 Kh6
105. f4 Kxh5 106. f5 Kh6 107. Ke7 Kg5 108. f6 Kf5 109. f7 Ke4 110. f8=Q Kd4
111. Qc8 Kd5 112. Qc5+ Ke4 113. Qd6 Kf5 114. Qe6+ Kg5 115. Qf6+ Kg4 116. Ke6
Kg3 117. Ke5 Kg2 118. Ke4 Kg1 119. Qf3 Kh2 120. Qg4 Kh1 121. Kf3 Kh2 122. Qg2#
1-0

[Event "Collado Villaoba op-B 34th"]
[Site "Collado Villalba"]
[Date "2017.08.25"]
[Round "4.20"]
[White "Martin Garcia, Francisco Javier"]
[Black "Buergo Villanueva, Fernando"]
[Result "1-0"]
[WhiteElo "1551"]
[BlackElo "1265"]
[PlyCount "123"]
[EventDate "2017.08.22"]
[EventType "swiss"]
[EventRounds "9"]
[EventCountry "ESP"]

1. d4 Nf6 2. Nf3 g6 3. c4 d5 4. Nc3 Bg7 5. cxd5 Nxd5 6. e4 Nxc3 7. bxc3 O-O 8.
Be3 Bg4 9. Be2 Nc6 10. Qd2 e6 11. Bh6 Bxf3 12. Bxf3 f5 13. Bxg7 Kxg7 14. e5 Na5
15. Be2 Rb8 16. h4 h5 17. Rh3 f4 18. Bd3 Qd5 19. f3 b5 20. Qc2 Kh6 21. Rb1 Rg8
22. Qe2 a6 23. Qd2 Rbf8 24. Be4 Qd8 25. Bd3 Nc4 26. Bxc4 bxc4 27. g3 Kh7 28.
gxf4 Rf5 29. Rb4 Qd5 30. Qe2 Rgf8 31. Qxc4 Qxc4 32. Rxc4 R8f7 33. Rc6 Rxf4 34.
Ke2 a5 35. Rxe6 c5 36. d5 Rc4 37. d6 Kg7 38. Kd3 Rcf4 39. Rg3 Rxf3+ 40. Rxf3
Rxf3+ 41. Kd2 Rf7 42. Ke3 Rd7 43. Ke4 Kf7 44. Kd5 a4 45. Rf6+ Kg7 46. Rf4 a3
47. e6 Rb7 48. Ra4 Kf6 49. Rxa3 g5 50. hxg5+ Kxg5 51. d7 Kf6 52. d8=Q+ Re7 53.
Qxe7+ Kxe7 54. c4 Kf6 55. Kd6 h4 56. e7 Kg5 57. e8=Q Kg4 58. Qg6+ Kf4 59. Qd3
Kg4 60. Kxc5 Kf4 61. Kd5 Kg4 62. c5 1-0

[Event "Collado Villaoba op-B 34th"]
[Site "Collado Villalba"]
[Date "2017.08.25"]
[Round "4.22"]
[White "Olmedo Alvarez, Marcos"]
[Black "Olias Muñoz, Francisco"]
[Result "0-1"]
[WhiteElo "1466"]
[BlackElo "1865"]
[PlyCount "65"]
[EventDate "2017.08.22"]
[EventType "swiss"]
[EventRounds "9"]
[EventCountry "ESP"]

1. e4 e6 2. d3 d5 3. Nd2 c5 4. Ngf3 Nc6 5. g3 Nf6 6. Bg2 Be7 7. O-O O-O 8. Re1
Qc7 9. e5 Nd7 10. Qe2 a5 11. a4 b6 12. Nf1 Ba6 13. b3 Rad8 14. h4 Rfe8 15. N1h2
f5 16. Ng5 Nf8 17. Qh5 Nd4 18. Bb2 Nxc2 19. Qf7+ Kh8 20. Nhf3 Nxa1 21. Bxa1 d4
22. h5 h6 23. Nxe6 Nxe6 24. Qxe6 Bxd3 25. Bb2 Be4 26. Rxe4 fxe4 27. Bc1 Bg5 28.
Qg6 exf3 29. Bxf3 Qxe5 30. Bxg5 Qxg5 31. Qxg5 hxg5 32. Bc6 Re1+ 33. Kg2 0-1

[Event "Collado Villaoba op-B 34th"]
[Site "Collado Villalba"]
[Date "2017.08.25"]
[Round "4.23"]
[White "Dueñas Delgado, Maximiliano"]
[Black "Picazo Sancho, Alvaro"]
[Result "0-1"]
[WhiteElo "1385"]
[BlackElo "1772"]
[PlyCount "52"]
[EventDate "2017.08.22"]
[EventType "swiss"]
[EventRounds "9"]
[EventCountry "ESP"]

1. d4 g6 2. Bf4 d6 3. Nf3 Bg7 4. e3 Nf6 5. c3 O-O 6. Nbd2 Nbd7 7. Be2 Qe8 8. h3
e5 9. Bg5 h6 10. Bxf6 Nxf6 11. dxe5 dxe5 12. Nh2 Qe7 13. e4 Rd8 14. Qc2 b6 15.
Ng4 Nh5 16. Nh2 Nf4 17. Bf3 Ba6 18. c4 Nd3+ 19. Ke2 Qc5 20. Rhf1 b5 21. b3 bxc4
22. Nxc4 Nf4+ 23. Ke1 Qb4+ 24. Nd2 Bxf1 25. Nhxf1 Nd3+ 26. Ke2 Qd4 0-1

[Event "Collado Villaoba op-B 34th"]
[Site "Collado Villalba"]
[Date "2017.08.25"]
[Round "4.25"]
[White "Suarez Prieto, Leopoldo"]
[Black "Gijon Molina, Carlos"]
[Result "1-0"]
[WhiteElo "1648"]
[BlackElo "1189"]
[PlyCount "64"]
[EventDate "2017.08.22"]
[EventType "swiss"]
[EventRounds "9"]
[EventCountry "ESP"]

1. e4 c6 2. Bc4 d5 3. exd5 cxd5 4. Bb3 e5 5. Nc3 Nf6 6. d3 Nc6 7. a3 Bc5 8. h3
Be6 9. Bg5 d4 10. Bxe6 dxc3 11. Bxf7+ Kxf7 12. bxc3 h6 13. Bh4 Qd5 14. Nf3 Rae8
15. c4 Qe6 16. O-O g5 17. Bxg5 Reg8 18. h4 Ng4 19. Rb1 b6 20. c3 Bxa3 21. Re1
Qf5 22. Qa4 Rc8 23. Qxa3 Rhe8 24. Be3 e4 25. dxe4 Rxe4 26. Rbd1 Nxe3 27. fxe3
Rg8 28. Rf1 Qg4 29. Ne5+ Ke8 30. Nxg4 Rexg4 31. Qd6 Rxg2+ 32. Kh1 R8g6 1-0

[Event "Collado Villaoba op-B 34th"]
[Site "Collado Villalba"]
[Date "2017.08.25"]
[Round "4.26"]
[White "Salgado Duarte, Pablo"]
[Black "Garcia Prada, Guillermo"]
[Result "1-0"]
[WhiteElo "1583"]
[BlackElo "1375"]
[PlyCount "71"]
[EventDate "2017.08.22"]
[EventType "swiss"]
[EventRounds "9"]
[EventCountry "ESP"]

1. d4 d5 2. c4 e6 3. Nc3 Nf6 4. Nf3 Be7 5. e3 b6 6. cxd5 exd5 7. h3 Bb7 8. Bd3
O-O 9. O-O Nbd7 10. Qc2 c5 11. dxc5 Nxc5 12. Rd1 Qc7 13. Ne2 Rac8 14. Nc3 Rfd8
15. Bf5 Ne6 16. Qe2 Qc4 17. Bd3 Qc7 18. Bd2 Ne4 19. Nb5 Qb8 20. Nbd4 N6c5 21.
Nf5 Bf6 22. Bb4 Nxd3 23. Qxd3 Bxb2 24. Ne7+ Kh8 25. Rab1 Bf6 26. Nxc8 Bxc8 27.
Nd4 Bxd4 28. Qxd4 Bf5 29. Rbc1 a5 30. Bc3 f6 31. Be1 Qd6 32. Rb1 Ng5 33. Rxb6
Qa3 34. Qb2 Qxb2 35. Rxb2 a4 36. Rxd5 1-0

[Event "Collado Villaoba op-B 34th"]
[Site "Collado Villalba"]
[Date "2017.08.25"]
[Round "4.27"]
[White "Aguilera Alonso, Hector"]
[Black "Martin Rodriguez, Jose Luis"]
[Result "1-0"]
[WhiteElo "1574"]
[BlackElo "1291"]
[PlyCount "77"]
[EventDate "2017.08.22"]
[EventType "swiss"]
[EventRounds "9"]
[EventCountry "ESP"]

1. e4 e6 2. Nf3 d5 3. exd5 exd5 4. d4 Nf6 5. Bd3 Nc6 6. O-O Be7 7. Re1 O-O 8.
c3 Re8 9. h3 Bf8 10. Bg5 Rxe1+ 11. Qxe1 Qe8 12. Nbd2 Bd7 13. Bxf6 gxf6 14. Qb1
Bh6 15. Bxh7+ Kh8 16. Qd3 Qf8 17. Bf5 Be6 18. Nf1 Qg7 19. Re1 Rg8 20. g4 Bf4
21. Ng3 Bxg3 22. fxg3 Nd8 23. Re2 Qf8 24. Nh4 Qh6 25. Qf3 Qf8 26. Qf4 Bxf5 27.
Nxf5 Ne6 28. Qd2 Ng5 29. Kg2 Rg6 30. h4 Ne4 31. Qf4 Kh7 32. Kf3 Qg8 33. Ne7
Rxg4 34. Qxg4 Qxg4+ 35. Kxg4 c6 36. Kf4 Kh6 37. g4 Kh7 38. Rxe4 dxe4 39. Kxe4
1-0

[Event "Collado Villaoba op-B 34th"]
[Site "Collado Villalba"]
[Date "2017.08.25"]
[Round "4.28"]
[White "Llamas Martinez, Pablo"]
[Black "Garcia Lopez, Fernando"]
[Result "1/2-1/2"]
[WhiteElo "1397"]
[BlackElo "1558"]
[PlyCount "72"]
[EventDate "2017.08.22"]
[EventType "swiss"]
[EventRounds "9"]
[EventCountry "ESP"]

1. e4 e5 2. Nf3 Nc6 3. Bc4 Bc5 4. c3 d6 5. d4 Bb6 6. dxe5 Nxe5 7. Nxe5 dxe5 8.
Bxf7+ Ke7 9. Qxd8+ Kxd8 10. Bg5+ Nf6 11. Nd2 c6 12. Nc4 Bc7 13. O-O-O+ Ke7 14.
Bxf6+ gxf6 15. Bh5 Be6 16. Ne3 Bb6 17. a3 Rhg8 18. g3 Rg5 19. Be2 Bxe3+ 20.
fxe3 Bg4 21. Bxg4 Rxg4 22. Rd3 Rd8 23. Rxd8 Kxd8 24. Kd2 Rxe4 25. h3 Ra4 26.
Kd3 e4+ 27. Kc2 Ke7 28. Rf1 Kf7 29. Rf4 Kg6 30. Kb3 b5 31. g4 h6 32. h4 Rc4 33.
Rf5 a5 34. Kc2 a4 35. h5+ Kg7 36. Kb1 Kf7 1/2-1/2

[Event "Collado Villaoba op-B 34th"]
[Site "Collado Villalba"]
[Date "2017.08.25"]
[Round "4.30"]
[White "Andrade Sandoval, Marian"]
[Black "Martinez Martinez, Antonio"]
[Result "0-1"]
[WhiteElo "1222"]
[BlackElo "1525"]
[PlyCount "67"]
[EventDate "2017.08.22"]
[EventType "swiss"]
[EventRounds "9"]
[EventCountry "ESP"]

1. d4 g6 2. Nf3 d6 3. Bf4 Bg7 4. e3 a6 5. Be2 c6 6. c4 Qa5+ 7. Nc3 Nf6 8. a3 h6
9. b4 Qd8 10. c5 g5 11. Bg3 d5 12. h3 Nbd7 13. e4 dxe4 14. Nd2 Nd5 15. Nxd5
cxd5 16. Nb3 Nf6 17. a4 Bd7 18. Na5 Qc8 19. Rc1 O-O 20. O-O Nh7 21. Qc2 f5 22.
c6 bxc6 23. Nxc6 Bxc6 24. Qxc6 Qxc6 25. Rxc6 f4 26. Bh2 Rab8 27. Rxa6 Rxb4 28.
a5 Rxd4 29. Ra7 Rd2 30. Bb5 Rb8 31. Rb1 Kf7 32. a6 Ra2 33. h4 Rxb5 34. Rb7 0-1

[Event "Collado Villaoba op-B 34th"]
[Site "Collado Villalba"]
[Date "2017.08.25"]
[Round "4.33"]
[White "Criado Herrero, Luis"]
[Black "Rapaport, Andres Natalio"]
[Result "1-0"]
[WhiteElo "1526"]
[BlackElo "1362"]
[PlyCount "92"]
[EventDate "2017.08.22"]
[EventType "swiss"]
[EventRounds "9"]
[EventCountry "ESP"]

1. e4 e6 2. Qe2 Be7 3. d4 d5 4. e5 c5 5. c3 Nc6 6. Nf3 Qb6 7. Qd3 cxd4 8. cxd4
Bb4+ 9. Nc3 Qc7 10. a3 Ba5 11. b4 Bb6 12. Nb5 Qd8 13. Nd6+ Kf8 14. Ng5 Nh6 15.
Nxh7+ Kg8 16. Bg5 Qd7 17. Bxh6 Rxh7 18. Be3 Rh4 19. f4 Ne7 20. g3 Rh7 21. Bg2
Nf5 22. Nxf5 exf5 23. Qb3 Qe7 24. Bxd5 Be6 25. Bxe6 Qxe6 26. Qxe6 fxe6 27. O-O
Rd8 28. Rfd1 Rd5 29. a4 a5 30. b5 Kf7 31. Rac1 Ke7 32. Rc4 Kd8 33. Kg2 g6 34.
Rh1 Rhd7 35. Rd1 Bc7 36. h4 Rh7 37. Rc5 Rdd7 38. Kh3 Bb6 39. Rc4 Rc7 40. Rdc1
Rhd7 41. Rxc7 Bxc7 42. g4 fxg4+ 43. Kxg4 Bb6 44. Rc4 Rh7 45. Bf2 Ke7 46. Rc8
Bd8 1-0

[Event "Collado Villaoba op-B 34th"]
[Site "Collado Villalba"]
[Date "2017.08.25"]
[Round "4.35"]
[White "Orta Vazquez, Mario"]
[Black "Tudoroiu, Adrian Eugeni"]
[Result "1-0"]
[WhiteElo "1424"]
[BlackElo "1101"]
[PlyCount "73"]
[EventDate "2017.08.22"]
[EventType "swiss"]
[EventRounds "9"]
[EventCountry "ESP"]

1. Nf3 Nf6 2. c4 g6 3. Nc3 d6 4. d4 Bg7 5. e4 O-O 6. Be2 a5 7. O-O Na6 8. a3 c5
9. d5 Nd7 10. Qc2 Re8 11. Bf4 Ne5 12. Rfd1 Bg4 13. Bxe5 Bxf3 14. Bxg7 Bxe2 15.
Qxe2 Kxg7 16. e5 e6 17. Nb5 dxe5 18. dxe6 Qf6 19. exf7 Qxf7 20. Nd6 Qf6 21.
Nxe8+ Rxe8 22. Rd7+ Re7 23. Rad1 Nb8 24. Rxe7+ Qxe7 25. Rd5 Nd7 26. Qd2 Nb6 27.
Rd6 Qc7 28. b3 Kf7 29. Rd3 Ke6 30. Qxa5 Qc6 31. Qd2 Nd7 32. f3 e4 33. fxe4 Ne5
34. Rd5 Ng4 35. h3 Nf6 36. Qe2 Nxd5 37. exd5+ 1-0

[Event "Collado Villaoba op-B 34th"]
[Site "Collado Villalba"]
[Date "2017.08.25"]
[Round "4.36"]
[White "Olmedo Alvarez, Jesus"]
[Black "Ramirez Nebot, Eneas"]
[Result "1-0"]
[WhiteElo "1361"]
[BlackElo "1097"]
[PlyCount "97"]
[EventDate "2017.08.22"]
[EventType "swiss"]
[EventRounds "9"]
[EventCountry "ESP"]

1. e4 e6 2. d3 d5 3. Nd2 Nc6 4. Ngf3 Bb4 5. g3 dxe4 6. dxe4 e5 7. c3 Bc5 8. Bg2
Qd3 9. Bf1 Qd8 10. b4 Bb6 11. Bc4 h6 12. Qb3 Qe7 13. O-O Nf6 14. Rd1 Bg4 15.
Ba3 Nd7 16. Kg2 Qf6 17. Be2 O-O-O 18. c4 Nd4 19. Qd3 Nf8 20. c5 Nxf3 21. Qe3
Rxd2 22. Rxd2 Nxd2 23. Bxg4+ Ne6 24. Bxe6+ Qxe6 25. Qxd2 Rd8 26. Qe2 a6 27.
cxb6 Qxb6 28. Rb1 a5 29. Qg4+ Kb8 30. Qe2 Rd4 31. b5 c6 32. Rc1 Qxb5 33. Qxb5
cxb5 34. Re1 b4 35. Bb2 Rd2 36. Bxe5+ Ka7 37. Bxg7 Rxa2 38. Bxh6 b3 39. Be3+
Ka6 40. Bd4 Kb5 41. h4 a4 42. h5 a3 43. h6 Rd2 44. h7 b2 45. h8=Q Kc4 46. Bc3
Rc2 47. Qd4+ Kb5 48. Qb4+ Kc6 49. Qxa3 1-0

[Event "34. Abierto Collado Villalba 2017 - B"]
[Site "Collado Villalba ESP"]
[Date "2017.08.26"]
[Round "5.1"]
[White "Khudov, Oleksandr"]
[Black "Diaz Lopez, Victor"]
[Result "1-0"]
[WhiteElo "1838"]
[BlackElo "1800"]
[PlyCount "125"]
[EventDate "2017.08.22"]
[EventType "swiss"]
[EventRounds "9"]
[EventCountry "ESP"]
[SourceTitle "Ajedrez en Madrid"]
[Source "lmi"]
[SourceDate "2017.08.22"]
[SourceVersion "1"]
[SourceVersionDate "2017.08.31"]
[SourceQuality "1"]

1. d4 Nf6 2. Bf4 d5 3. e3 e6 4. Nf3 c5 5. c3 Bd6 6. Bxd6 Qxd6 7. Ne5 O-O 8. Bd3
b6 9. Qe2 Nc6 10. f4 Ne4 11. O-O f5 12. Nd2 c4 13. Bxe4 fxe4 14. b3 cxb3 15.
axb3 Nxe5 16. fxe5 Qe7 17. Rxf8+ Qxf8 18. Qb5 Qe7 19. c4 Bd7 20. Qa6 Bc8 21.
Qa3 Qxa3 22. Rxa3 Kf7 23. b4 Bb7 24. Kf2 Ke7 25. c5 Kd7 26. b5 Kc7 27. c6 Bc8
28. Nb1 Kb8 29. Nc3 a6 30. Ke1 axb5 31. Rxa8+ Kxa8 32. Na2 b4 33. Nxb4 b5 34.
Kd2 Ka7 35. Kc3 Kb6 36. h4 Ka5 37. Kb3 Kb6 38. g4 Ka5 39. g5 Kb6 40. h5 Ka5 41.
h6 g6 42. Ka3 Kb6 43. Na2 Kxc6 44. Kb4 Kb6 45. Nc3 Bd7 46. Nd1 Kc7 47. Nf2 Kd8
48. Ng4 Ke7 49. Nf6 Bc6 50. Nxh7 Kf7 51. Nf6 Kf8 52. Kc5 Kf7 53. Ng4 Be8 54.
Nf2 Kg8 55. Nh3 Kf7 56. Nf4 Bd7 57. Kb4 Kg8 58. Nxg6 Be8 59. Nf4 Bd7 60. g6 Kh8
61. Nh5 Bc8 62. Nf6 Ba6 63. g7# 1-0

[Event "34. Abierto Collado Villalba 2017 - B"]
[Site "Collado Villalba ESP"]
[Date "2017.08.26"]
[Round "5.2"]
[White "Cuellar Gutierrez, Raul"]
[Black "Sanz Toledano, Alfonso"]
[Result "1-0"]
[WhiteElo "1878"]
[BlackElo "1818"]
[PlyCount "191"]
[EventDate "2017.08.22"]
[EventType "swiss"]
[EventRounds "9"]
[EventCountry "ESP"]
[SourceTitle "Ajedrez en Madrid"]
[Source "lmi"]
[SourceDate "2017.08.22"]
[SourceVersion "1"]
[SourceVersionDate "2017.08.31"]
[SourceQuality "1"]

1. d4 Nf6 2. Nf3 g6 3. c4 Bg7 4. g3 O-O 5. Bg2 c5 6. O-O cxd4 7. Nxd4 Nc6 8.
Nc3 Qb6 9. Nxc6 dxc6 10. Qc2 Be6 11. b3 Bf5 12. Qd1 Rad8 13. Qe1 Qc7 14. Bb2
Ne4 15. Qc1 Nxc3 16. Bxc3 e5 17. e4 Bg4 18. Qe3 c5 19. h3 Be6 20. Rfc1 b6 21.
Bf1 Qc8 22. Kh2 Qc7 23. Qe1 Rfe8 24. b4 Bh6 25. Rc2 f5 26. exf5 Bxf5 27. Re2
Bg7 28. Re3 cxb4 29. Bxb4 Be6 30. Bc3 Bxc4 31. Bxc4+ Qxc4 32. Bxe5 Bxe5 33.
Rxe5 Rxe5 34. Qxe5 Qd4 35. Qxd4 Rxd4 36. Kg2 Rd7 37. Kf3 Kf7 38. Ke3 Rc7 39. a4
Rc5 40. Rd1 Ke7 41. Rd4 Rc3+ 42. Ke4 Rb3 43. h4 b5 44. axb5 Rxb5 45. Ra4 a5 46.
Kd4 Kd6 47. Ke3 Rb3+ 48. Ke2 Rb5 49. Kf3 h5 50. g4 hxg4+ 51. Rxg4 Rf5+ 52. Kg3
Rf6 53. Rg5 a4 54. Ra5 Ke7 55. Rxa4 Rb6 56. Rf4 Ra6 57. Kg4 Rb6 58. Kg5 Ra6 59.
Kh6 Ra8 60. Kxg6 Rg8+ 61. Kh7 Rg2 62. Kh6 Rg1 63. Kh5 Rg2 64. Rf3 Ke8 65. Rf4
Ke7 66. f3 Rg3 67. Re4+ Kf6 68. f4 Rg8 69. Re5 Rh8+ 70. Kg4 Ra8 71. h5 Ra1 72.
Re3 Kg7 73. Rg3 Rh1 74. Kg5 Rh2 75. f5 Rf2 76. Rg4 Rf1 77. h6+ Kh7 78. Rh4 Rg1+
79. Kf6 Ra1 80. Kg5 Rg1+ 81. Kf6 Ra1 82. Re4 Ra6+ 83. Re6 Ra1 84. Kf7 Ra7+ 85.
Re7 Ra5 86. f6 Kh8 87. Kg6 Ra8 88. Kf5 Ra1 89. Kg6 Rg1+ 90. Kf7 Rf1 91. Ra7 Re1
92. Ra5 Re2 93. Kg6 Rg2+ 94. Rg5 Ra2 95. Rd5 Rg2+ 96. Kf7 1-0